| 000 | 00991nam2a2200241 4500 | ||
|---|---|---|---|
| 001 | rc\3054247 | ||
| 005 | 20111011145202.9 | ||
| 035 | _a(NLR Aleph) 007193527 | ||
| 090 |
_a13625719 _c13625719 |
||
| 100 | _a20111011d1948 |||y0rusy50 ca | ||
| 101 | 0 | _arus | |
| 102 | _aRU | ||
| 105 | _ay z ||||| | ||
| 200 | 1 |
_aОтчет по измерению базисов I и II классов _fСост.: инж. М.А. Багров и Б.С. Мерисов _gГл. упр. геодезии и картографии при Совете министров СССР |
|
| 210 | _d1948 | ||
| 461 | 0 |
_1001rc\3054231 _12001#$a[Отчеты]$fУпр. гос. геодез. надзора ГУГК при СНК СССР. Центр. картографо-геодез. фонд$vВып. Б-14 |
|
| 702 | 1 |
_aБагров _bМ. А. _4220 |
|
| 702 | 1 |
_aМерисов _bБ. С. _4220 |
|
| 801 | 0 |
_aRU _bNLR _gpsbo |
|
| 801 | 1 |
_aRU _bELAR _2rusmarc |
|
| 852 |
_aNLR _jГд02 Г-7/7 |
||
| 942 | _cBOOK | ||
| 980 | _aNB | ||